La arqueología del saber (Registro nro. 596602)

Detalles MARC
001 - NÚMERO DE CONTROL
campo de control 1258101
005 - FECHA Y HORA DE LA ÚLTIMA TRANSACCIÓN
campo de control 20260508071738.0
008 - DATOS DE LONGITUD FIJA--INFORMACIÓN GENERAL
campo de control de longitud fija 110929s2010 spa
020 ## - NÚMERO INTERNACIONAL ESTÁNDAR DEL LIBRO
Número Internacional Estándar del Libro 9786070301421
035 ## - NÚMERO DE CONTROL DEL SISTEMA
Número de control de sistema 1258101
035 ## - NÚMERO DE CONTROL DEL SISTEMA
Número de control de sistema (OCoLC)777075046
040 ## - FUENTE DE LA CATALOGACIÓN
Centro/agencia transcriptor comduadb
041 ## - CÓDIGO DE LENGUA
Código de lengua del texto/banda sonora o título independiente spa
080 ## - NÚMERO DE LA CLASIFICACIÓN DECIMAL UNIVERSAL
Número de la Clasificación Decimal Universal B/
080 ## - NÚMERO DE LA CLASIFICACIÓN DECIMAL UNIVERSAL
Número de la Clasificación Decimal Universal JJ
082 #4 - NÚMERO DE LA CLASIFICACIÓN DECIMAL DEWEY
Número de clasificación 121
100 10 - ENTRADA PRINCIPAL--NOMBRE DE PERSONA
Nombre de persona Foucault, Michel,
Fechas asociadas al nombre 1926-1984
Código de función aut
Número de control del registro de autoridad o número normalizado (isni)000000012146278X
-- (viaf)104722665
Término indicativo de función/relación Autor/a
9 (RLIN) 512102
245 13 - MENCIÓN DE TÍTULO
Título La arqueología del saber
250 ## - MENCIÓN DE EDICIÓN
Mención de edición 2 edición revisada
260 ## - PUBLICACIÓN, DISTRIBUCIÓN, ETC.
Lugar de publicación, distribución, etc. México :
Nombre del editor, distribuidor, etc. Siglo XXI Editores,
Fecha de publicación, distribución, etc. 2010.
300 ## - DESCRIPCIÓN FÍSICA
Extensión 273 páginas
490 0# - MENCIÓN DE SERIE
Mención de serie Serie Teoría
520 3# - SUMARIO, ETC.
Sumario, etc. La arqueologia del saber constituye un clasico ejercicio foucoultiano de pensar a contracorriente, de poner una barrera a los lugares comunes de las ciencias sociales y de establecer nuevos campos de investigacion en el cruce entre filosofia e historia. El gran tema que plantea es la discontinuidad en la historia, es decir, la transformacion, el establecimiento de fenomenos de rupturas: Por debajo de las grandes continuidades del pensamiento, por debajo de las manifestaciones masivas y homogeneas de un espiritu o de una mentalidad colectiva, por debajo del terco devenir de una ciencia que se encarniza en existir y en rematarse desde su comienzo, por debajo de la persistencia de un genero, de una forma, de una disciplina, de una actividad teorica, se trata ahora de detectar la incidencia de las interrupciones. Escrito siguiendo el legado de Marx y Nietsche, La arqueologia del saber es un texto polemico y a la vez riguroso, que ensaya la busqueda de herramientas teoricas para pensar una historiografia que priorice los instantes de quiebre, de mutacion, por sobre las continuidades, los grandes panoramas y las verdades ahistoricas. Michel Foucault pone el ojo en esos momentos en que aparece lo nuevo, el cambio radical. Y en ese sentido, este es un libro profundamente pedagogico: dirigido a historiadores, filosofos y cientificos sociales, encierra una ensenanaza epistemologica acerca de como distinguir y describir las rupturas, los elementos emergentes que subyacen en toda formacion social.
650 #7 - PUNTO DE ACCESO ADICIONAL DE MATERIA--TÉRMINO DE MATERIA
Término de materia o nombre geográfico como elemento de entrada Teoría del conocimiento
Fuente del encabezamiento o término lemb
9 (RLIN) 1790
650 #7 - PUNTO DE ACCESO ADICIONAL DE MATERIA--TÉRMINO DE MATERIA
Término de materia o nombre geográfico como elemento de entrada Arqueología
Fuente del encabezamiento o término armarc
9 (RLIN) 42020
650 #7 - PUNTO DE ACCESO ADICIONAL DE MATERIA--TÉRMINO DE MATERIA
Término de materia o nombre geográfico como elemento de entrada Filosofía de la ciencia
Fuente del encabezamiento o término armarc
9 (RLIN) 1526
650 #7 - PUNTO DE ACCESO ADICIONAL DE MATERIA--TÉRMINO DE MATERIA
Término de materia o nombre geográfico como elemento de entrada Análisis del discurso
Fuente del encabezamiento o término lemb
9 (RLIN) 43754
650 #7 - PUNTO DE ACCESO ADICIONAL DE MATERIA--TÉRMINO DE MATERIA
Término de materia o nombre geográfico como elemento de entrada Psicolingüística
Fuente del encabezamiento o término lemb
9 (RLIN) 31208
650 #7 - PUNTO DE ACCESO ADICIONAL DE MATERIA--TÉRMINO DE MATERIA
Término de materia o nombre geográfico como elemento de entrada Cognición
Fuente del encabezamiento o término lemb
9 (RLIN) 8995
650 #7 - PUNTO DE ACCESO ADICIONAL DE MATERIA--TÉRMINO DE MATERIA
Término de materia o nombre geográfico como elemento de entrada Ciencia
Subdivisión general Historia
Fuente del encabezamiento o término lemb
9 (RLIN) 91485
700 10 - ENTRADA AGREGADA--NOMBRE PERSONAL
Nombre de persona Garzón del Camino, Aurelio
Código de función trl
Número de control del registro de autoridad o número normalizado (isni)0000 0000 0065 2907
-- (viaf)76384753
Término indicativo de función/relación Traductor/a
9 (RLIN) 393228
942 ## - ELEMENTOS DE ENTRADA AGREGADA (KOHA)
Tipo de ítem Koha Libros
Existencias
Estado de retiro Estado de pérdida Estado dañado No para préstamo Código de colección Localización permanente Ubicación/localización actual Fecha de adquisición Fuente de adquisición Coste, precio normal de compra Número de inventario Total de préstamos Signatura topográfica completa Código de barras Fecha visto por última vez Fecha del último préstamo Número de copia Precio válido a partir de Tipo de ítem Koha Renovaciones totales Fecha de vencimiento
        Colección General Piso 2 Biblioteca Carlos Gaviria Díaz, Campus Medellín Biblioteca Carlos Gaviria Díaz, Campus Medellín 29/09/2011 Cooprudea 37200.00 C1127324 1 121 F762 2010 800825 05/06/2024 16/05/2024 1 01/05/2023 Libros    
        Colección General Piso 2 Biblioteca Carlos Gaviria Díaz, Campus Medellín Biblioteca Carlos Gaviria Díaz, Campus Medellín 29/09/2011 Cooprudea 37200.00 C1127325 6 121 F762 2010 e2 800826 17/12/2025 21/11/2025 3 01/05/2023 Libros    
        Colección General Piso 2 Biblioteca Carlos Gaviria Díaz, Campus Medellín Biblioteca Carlos Gaviria Díaz, Campus Medellín 29/09/2011 Cooprudea 37200.00 C1127326 6 121 F762 2010 e3 800827 03/03/2026 03/03/2026 4 01/05/2023 Libros 1 29/05/2026
        Colección General Biblioteca de Salud Pública, Campus Medellín Biblioteca de Salud Pública, Campus Medellín 14/07/2014 Buscalibre 44849.00 C1207478 2 B2430 F6a-10 0992930 31/08/2023 30/08/2023 2 01/05/2023 Libros    
        Colección General Centro Documentación Educación (Bl. 9-140) Centro Documentación Educación (Bl. 9-140) 21/11/2016     C1254826   JJ/01036 0730456 01/05/2023   5 01/05/2023 Libros    
        Colección General Centro Documentación Educación (Bl. 9-140) Centro Documentación Educación (Bl. 9-140) 22/02/2018     C1278198   JJ/01036 e2 0730587 01/05/2023   6 01/05/2023 Libros